000 01088nam a22001697a 4500
008 120502t xxu||||| |||| 00| 0 eng d
020 _a0135489091
050 _aHF637.T5M3
100 _aMcCay, James T.
245 _aThe management of time. /
_cJames T. McCay
260 _aNew York:
_bPrentice Hall,
_c1959.
300 _ax, 176 p.:
_bill.;
_c20cm.
500 _aIncludes index.
505 _aContents: The Meaning of time pressures -- The Pressure of time -- The Challenge of change -- Breaking through the time barrier -- Overcoming time pressure -- How to increase your output -- Freedom to manage your time -- Increase your alertness -- Store your energy -- Locate energy losses -- Shield your energy -- The Birth of vision -- Invest in growth -- Skills for managing time -- Knowing when to stop -- Your principal tools are words -- Keep in contact -- Insure your investments of time -- Diagramming -- Compare and save time -- Read for growth -- Measuring up to the big problems -- Plan to manage your time -- Start now -- Appendix.
650 _bTime management.
942 _2lcc
_cBK
999 _c807
_d8307